00524nam a22001937a 450000500170000001000130001702000100003003500130004003700160005304000120006908200130008110000240009424500470011826000410016527000380020630000210024450000500026565000150031520170124110224.0 aA-710489 c22.00 aA-710489 bCen Lib/Ret aDPLbEN a921bKRI aKripalani, Krishna  aTagore :cby Krishna Kripalani ba life / aNew DelhibNational book trustc1971 bNew DelhiaA-5 Green Parke110016 a280p.c21cm(pbk) aIncludes bibliographcal references and index  aBiography